000 00486nam a22001937a 4500
003 MPLRDC
005 20220104125547.0
008 210129b ||||| |||| 00| 0 eng d
020 _a957-733-649-3
082 _a177.3 QTY-2
100 _a齐藤勇
245 _a人际关系一级棒
_c何咪娜译
250 _a初版
260 _a
_b新雨
_c2001
300 _b
490 _a大众生活馆. NT-006
650 _a应用心理学--人际关系
942 _cBK
_o177.3 QTY-2
999 _c28323
_d28313